| 000 | 00455nam a2200181Ia 4500 | ||
|---|---|---|---|
| 001 | 5259 | ||
| 005 | 20260306145855.0 | ||
| 008 | 260306t1991||||xx |||||||||||||| ||spa|| | ||
| 041 | _aESP | ||
| 082 |
_a338.4791985 _bS23 |
||
| 100 |
_aSanchez-Moreno Bayarri, Isaac _eAUT |
||
| 245 | 0 | _aEl turismo y el periodismo en el Perú de hoy | |
| 260 | _c1991 | ||
| 300 |
_a347 páginas : _c21 cm. |
||
| 650 | _aGEN | ||
| 654 | _aCAN | ||
| 942 |
_cLIB _dJUS _fJUS _2ddc _n |
||
| 999 |
_c5259 _d5259 |
||